000 00991nam a2200313 a 4500
001 000008202
003 DO-SdBNP
005 20230504093129.0
007 000008202
008 090915s1999 sp 001 f spa d
020 _a8481301280 (v.1)
020 _a8481301299 (v.2)
040 _aBPMSU
_bspa
_cBPMSU
082 4 _a843.78
_bH895mi 1999
_222
100 1 _aHugo, Víctor,
_d1802-1885
245 1 4 _aLos miserables /
_cVíctor Hugo ; prólogo Juana Salambert; traducción de Aurora Alemany.
260 _aMadrid :
_bMilenium,
_c1999
300 _a2 v. ;
_c21 cm.
490 0 _aJoyas del milenio,
_v17
534 _p: Les misérables
_cBarcelona : Bibliotex, 2000.
590 _6Inventariado, 2023/VM
650 4 _aNovela francesa
650 4 _aProblemas sociales
_zFrancia
_vNovela.
650 4 _aJusticia social
_zFrancia
_vNovela
700 1 _aAlemany, Aurora,
_etr.
700 1 _aSalambert, Juana
_epról.
910 _a VMateo V. Control de calidad (BPMSU)
942 _2ddc
_cBK
999 _c7505
_d7505